| 000 -LEADER |
| fixed length control field |
00437nam a22001457a 4500 |
| 003 - CONTROL NUMBER IDENTIFIER |
| control field |
OSt |
| 005 - DATE AND TIME OF LATEST TRANSACTION |
| control field |
20200616163612.0 |
| 008 - FIXED-LENGTH DATA ELEMENTS--GENERAL INFORMATION |
| fixed length control field |
200616b ||||| |||| 00| 0 eng d |
| 020 ## - INTERNATIONAL STANDARD BOOK NUMBER |
| International Standard Book Number |
9783037782217 |
| 082 ## - DEWEY DECIMAL CLASSIFICATION NUMBER |
| Classification number |
720.92 |
| Item number |
MER |
| 100 ## - MAIN ENTRY--PERSONAL NAME |
| Personal name |
Merrill, Michael, Dr.-Ing. |
| 245 ## - TITLE STATEMENT |
| Title |
Louis Kahn : the Dominican Motherhouse and the patient search for architecture. Drawing to find out |
| 260 ## - PUBLICATION, DISTRIBUTION, ETC. (IMPRINT) |
| Place of publication, distribution, etc |
Switzerland |
| Name of publisher, distributor, etc |
Lars Muller |
| Date of publication, distribution, etc |
2010 |
| 942 ## - ADDED ENTRY ELEMENTS (KOHA) |
| Source of classification or shelving scheme |
|